[Event "Brno-A"]
[Site "Brno"]
[Date "1995.??.??"]
[Round "8"]
[White "Sulzbach, Sven"]
[Black "Kountz, Jochen"]
[Result "1/2-1/2"]
[WhiteElo "2245"]
[BlackElo "2265"]

1.d4 d6 2.e4 g6 3.Nc3 Bg7 4.f4 Nf6 5.e5 Nfd7 6.Nf3 c5 7.exd6 O-O 8.dxe7 Qxe7+
9.Qe2 Qd8 10.Be3 Nc6 11.O-O-O Re8 12.Qd2 Qa5 13.Kb1 Nb6 14.dxc5 Bxc3 15.Qxc3 Qxc3
16.bxc3 Rxe3 17.cxb6 axb6 18.Bd3 Be6 19.c4 Na5 20.Nd2 Rc8 21.Rhe1 Rxe1 22.Rxe1 Nxc4
23.Nxc4 Bxc4 24.Bxc4 Rxc4 25.g3 Kf8 26.Kb2 Rc5 27.Kb3 Rd5 28.Re2 Rd1 29.c4 Rb1+
30.Rb2 Rxb2+ 31.Kxb2 Ke7 32.Kc3 Kd6 33.Kd4 f6 34.g4 Kc6 35.g5 fxg5 36.fxg5 b5
37.cxb5+ Kxb5 38.Ke5 Ka4 39.Kf6 Ka3 40.Kg7 Kxa2 41.Kxh7 b5  1/2-1/2

[Event "Spring op"]
[Site "Budapest"]
[Date "1995.??.??"]
[Round "?"]
[White "Steiner, Guenter"]
[Black "Mach, Holger"]
[Result "1/2-1/2"]
[WhiteElo "2185"]
[BlackElo "2295"]

1.d4 g6 2.e4 Bg7 3.Nc3 d6 4.Bc4 Nc6 5.Be3 Nf6 6.f3 O-O 7.Qd2 a6 8.h4 e5 9.Nge2 exd4
10.Nxd4 Ne5 11.Be2 d5 12.Nxd5 Nxd5 13.exd5 Qxd5 14.h5 Re8 15.Nb3 Qxd2+ 16.Kxd2 Be6
17.Rae1 Bc4 18.hxg6 hxg6 19.Rh4 b5 20.Na5 Rad8+ 21.Kc1 Bxe2 22.Rxe2 Rd7 23.Rh1 Rde7
24.Kd2 f5 25.Rhe1 Bf6 26.Bc5 Rd7+ 27.Kc1 Rd5 28.Bf2 Bg5+ 29.Be3 Bh4 30.Rd1 Rxd1+
31.Kxd1 Bf6 32.b3 Kf7 33.Nb7 Nc6 34.Bf4 Rxe2 35.Kxe2 Nd4+ 36.Kd3 Ne6 37.Be3 Be7
38.c4 Ke8 39.cxb5 axb5 40.a4 bxa4 41.bxa4 Kd7 42.Kc4 c6 43.Nc5+ Bxc5 44.Bxc5 Kc7
45.Be3 Kb7 46.f4 Ka6 47.Kb4 Kb7 48.g3 Ka6 49.Bf2 g5 50.fxg5 Nxg5 51.Be1 Ne4  1/2-1/2

[Event "Budapest FS07 IM-B"]
[Site "Budapest"]
[Date "1995.??.??"]
[Round "?"]
[White "Zapletal, Jiri"]
[Black "Mozes, Ervin"]
[Result "1/2-1/2"]
[WhiteElo "2205"]
[BlackElo "2405"]

1.d4 g6 2.e4 Bg7 3.Nc3 d6 4.Be3 c6 5.Qd2 b5 6.a3 a6 7.Nge2 Nd7 8.g3 Bb7 9.Bg2 h5
10.h3 Nb6 11.b3 Qc7 12.O-O e6 13.Rad1 Ne7 14.Kh2 Rc8 15.Nf4 Nd7  1/2-1/2

[Event "Budapest Statistika"]
[Site "Budapest"]
[Date "1995.??.??"]
[Round "1"]
[White "Hansen, Lars Henrik Bech"]
[Black "Kraschl, Joerg"]
[Result "1/2-1/2"]
[WhiteElo "2215"]
[BlackElo "2320"]

1.e4 d6 2.d4 g6 3.Nc3 Bg7 4.Be3 c6 5.Qd2 Nd7 6.h4 Ngf6 7.Be2 b5 8.a3 h5 9.Nh3 Qc7
10.f4 Nb6 11.Ng5 a6 12.b3 e5 13.dxe5 dxe5 14.O-O-O Ng4 15.Bc5 exf4 16.Bd6 Qd8
17.Qxf4 Qf6 18.Qxf6 Bxf6 19.Bxg4 Bxg4 20.Rd3 Nd7 21.Rf1  1/2-1/2

[Event "Schneider mem op"]
[Site "Budapest"]
[Date "1995.??.??"]
[Round "2"]
[White "Zetocha, Claudiu"]
[Black "Bognar, Csaba"]
[Result "1-0"]
[WhiteElo "2315"]
[BlackElo "2015"]

1.e4 g6 2.d4 Bg7 3.Nc3 d6 4.Nf3 Nf6 5.h3 Nc6 6.Bg5 O-O 7.Qd2 Nd7 8.Bh6 e5
9.O-O-O a6 10.g4 b5 11.h4 Nxd4 12.Nxd4 exd4 13.Bxg7 Kxg7 14.Qxd4+ Qf6 15.Qd2 Bb7
16.g5 Qe7 17.f4 b4 18.Qd4+ Kg8 19.Qxb4 Rab8 20.Qd4 Nc5 21.Bg2 f5 22.h5 Qg7
23.hxg6 hxg6 24.Qc4+ Qf7 25.Qxf7+ Rxf7 26.Rh6 Rg7 27.Bf1 Nxe4 28.Bc4+ d5
29.Nxd5 Kf8 30.Rh8+ Rg8 31.Rxg8+ Kxg8 32.Nf6+  1-0

[Event "Budapest FS05 IM"]
[Site "Budapest"]
[Date "1995.??.??"]
[Round "5"]
[White "Estrada Nieto, Julian"]
[Black "Cao Sang"]
[Result "1-0"]
[WhiteElo "2340"]
[BlackElo "2370"]

1.e4 g6 2.d4 Bg7 3.Nc3 d6 4.g3 Nf6 5.Bg2 O-O 6.Nge2 e5 7.O-O Nbd7 8.h3 exd4
9.Nxd4 Re8 10.Re1 c6 11.a4 Qe7 12.a5 Nc5 13.Bf4 Nfd7 14.a6 Ne5 15.axb7 Qxb7
16.b3 Ned3 17.cxd3 Bxd4 18.Rc1 Qb6 19.Re2 Be6 20.Bxd6 Nxb3 21.Rcc2 Bg7 22.Re1 Nd4
23.Rc1 Bb3 24.Qd2 Qa5 25.Nb1 Qa6 26.Nc3 Be6 27.Ra1 Qc8 28.Ra4 Bxh3 29.e5 c5
30.Bh1 Qf5 31.f4 Rad8 32.Nd5 Qd7 33.Rc4 Nf5 34.Bxc5 Nxg3 35.Qh2 Nxh1 36.Ne7+ Rxe7
37.Bxe7 Re8 38.Bd6 Qxd6 39.Qxh3 Qd5 40.Rce4 Rd8 41.Kxh1 Qxd3 42.Qxd3 Rxd3
43.Ra1 Rd7 44.Rea4 Bh6 45.Kg2 Rd3 46.Rh1 Bg7 47.Rxa7 Rd8 48.Kf3 Rb8 49.Rd1 g5
50.Rdd7 gxf4 51.e6 Rb3+ 52.Kg4 h5+ 53.Kxh5 Rb8 54.e7 Bf6 55.Rd8+  1-0

[Event "HUN-ch (Women)"]
[Site "Budapest"]
[Date "1995.??.??"]
[Round "6"]
[White "Kiss, Fernanda"]
[Black "Albert, Kornelia"]
[Result "1-0"]
[WhiteElo "2170"]
[BlackElo "2110"]

1.e4 g6 2.d4 Bg7 3.Nc3 d6 4.g3 Nd7 5.Bg2 c6 6.Nge2 Ngf6 7.h3 Qc7 8.a4 e5
9.Be3 O-O 10.O-O Re8 11.f4 exd4 12.Bxd4 a6 13.Qd2 Nb6 14.b3 c5 15.Bxf6 Bxf6
16.a5 Bxc3 17.Nxc3 Nd7 18.Nd5 Qd8 19.Rad1 Rb8 20.e5 dxe5 21.fxe5 Kg7 22.Nf6 Re7
23.Qc3  1-0

[Event "Budapest FS11 IM-B"]
[Site "Budapest"]
[Date "1995.??.??"]
[Round "7"]
[White "Estrada Nieto, Julian"]
[Black "Dobos, Jozsef"]
[Result "1/2-1/2"]
[WhiteElo "2295"]
[BlackElo "2350"]

1.e4 g6 2.d4 Bg7 3.Nc3 d6 4.g3 Nf6 5.Bg2 O-O 6.Nge2 e5 7.O-O c6 8.a4 a5 9.h3 Na6
10.Be3 Qe7 11.Qd2 Nb4 12.Rad1 Re8 13.f4 exd4 14.Bxd4 d5 15.exd5 Nbxd5 16.Nxd5 Nxd5
17.Bxg7 Kxg7 18.Bxd5 cxd5 19.Qd4+ Qf6 20.Qxf6+ Kxf6 21.Nc3 Bxh3 22.Nxd5+ Kg7
23.Nc7 Bxf1 24.Nxe8+ Rxe8 25.Kxf1 Re6 26.Rd5 b6 27.c4 Rc6 28.b3 h5 29.Kg2 Kh6
30.Rb5 f6 31.Kf3 g5 32.c5 bxc5 33.Rxa5 c4 34.bxc4 Rxc4 35.fxg5+ fxg5 36.Ra6+  1/2-1/2

[Event "Budapest FS11 IM-B"]
[Site "Budapest"]
[Date "1995.??.??"]
[Round "9"]
[White "Reh, Philipp"]
[Black "Dobos, Jozsef"]
[Result "1/2-1/2"]
[WhiteElo "2105"]
[BlackElo "2350"]

1.d4 g6 2.e4 Bg7 3.Nc3 d6 4.g3 Nf6 5.Bg2 O-O 6.Nge2 e5 7.h3 Nc6 8.Be3 exd4
9.Nxd4 Bd7 10.O-O Qc8 11.Kh2 Re8 12.Nde2 Re5 13.Nf4 h5 14.Nfd5 a6 15.a4  1/2-1/2

[Event "Budapest FS02 IM (Women)"]
[Site "Budapest"]
[Date "1995.??.??"]
[Round "9"]
[White "Guenther, Anetta"]
[Black "Cynolter Bognarne, Erzsebet"]
[Result "1-0"]
[WhiteElo "2145"]
[BlackElo "2000"]

1.e4 g6 2.d4 d6 3.Nc3 Bg7 4.f4 Nh6 5.Nf3 Bg4 6.Be3 f5 7.Be2 fxe4 8.Nxe4 Bxf3
9.Bxf3 Nf5 10.Bf2 Nc6 11.c3 Qd7 12.O-O e6 13.Re1 O-O 14.Ng5 Nd8 15.Qb3 d5
16.Nxe6 Nxe6 17.Bxd5 Kh8 18.Bxe6 Qd6 19.Re4 Ne7 20.Rae1 b6 21.g3 h5 22.Bf7 Nf5
23.Re6 Qd8 24.Bxg6 Nd6 25.Qd1 Nf5 26.Qxh5+ Nh6 27.Bd3 Kg8 28.Rxh6 Bxh6 29.Qxh6 Qd7
30.Bc4+ Rf7 31.Bxf7+ Qxf7 32.Re6  1-0

[Event "Budapest FS05 GM"]
[Site "Budapest"]
[Date "1995.??.??"]
[Round "10"]
[White "McDonald, Neil R"]
[Black "Beim, Valery"]
[Result "0-1"]
[WhiteElo "2460"]
[BlackElo "2540"]

1.e4 d6 2.d4 g6 3.Nc3 Bg7 4.Nf3 Nf6 5.Be2 O-O 6.O-O c6 7.a4 Nbd7 8.h3 e5
9.dxe5 dxe5 10.Bc4 Qe7 11.b3 Nc5 12.Ba3 a5 13.Qc1 b6 14.Qg5 Re8 15.Rad1 Nfd7
16.Qxe7 Rxe7 17.Bxc5 Nxc5 18.Rd8+ Bf8 19.Rfd1 Kg7 20.Ng5 Nb7 21.R8d3 Rb8
22.Nf3 f6 23.Nh2 Rc7 24.Ng4 Bb4 25.Rf3 Bxg4 26.hxg4 Nc5 27.Na2 Nxe4 28.Re3 Nd6
29.Nxb4 Nxc4 30.Re4 Nb2 31.Rb1 axb4 32.Rxb4 c5 33.Rb5 Nxa4 34.bxa4 Ra8 35.Rxb6 Rxa4
36.f3 Rc4 37.Rb7 Rxb7 38.Rxb7+ Kh6 39.Rb2 e4 40.Kf2 exf3 41.gxf3 Kg5 42.Kg3 h5
43.gxh5 gxh5 44.Ra2 h4+ 45.Kh3 Rc3 46.Kg2 f5 47.Kf2 Kf4 48.Kg2 c4 49.Kh3 Kxf3
50.Kxh4 Ke3  0-1

[Event "Buenos Aires Clarin op"]
[Site "Buenos Aires"]
[Date "1995.??.??"]
[Round "2"]
[White "Dos Santos, Ramiro"]
[Black "Zarnicki, Pablo"]
[Result "0-1"]
[WhiteElo "2320"]
[BlackElo "2520"]

1.e4 d6 2.d4 g6 3.Nc3 Bg7 4.Be2 Nf6 5.Nf3 O-O 6.O-O c6 7.h3 Nbd7 8.Bf4 Qc7
9.e5 Nh5 10.exd6 exd6 11.Bh2 Bh6 12.d5 Nf4 13.dxc6 bxc6 14.Qd4 d5 15.Rfe1 Bb7
16.Bf1 c5 17.Qd2 Nf6 18.Nb5 Qb8 19.Qa5 Bc6 20.Ne5 Be8 21.Qa6 Ne4 22.Ng4 Bg7
23.Rxe4 Bxb5 24.Bxb5 dxe4 25.Nf6+ Bxf6 26.Qxf6 Qxb5 27.Bxf4 Qb6 28.Qc3 Rfe8
29.Rd1 Rad8 30.Rxd8 Rxd8 31.Bh6 Rd1+ 32.Kh2 Qd6+ 33.g3 Qd4  0-1

[Event "Buenos Aires op"]
[Site "Buenos Aires"]
[Date "1995.??.??"]
[Round "3"]
[White "Olivieri, Martin"]
[Black "Godoy, Carlos"]
[Result "1/2-1/2"]
[WhiteElo "2285"]
[BlackElo "2215"]

1.e4 g6 2.d4 Bg7 3.Nc3 d6 4.f4 Nf6 5.e5 dxe5 6.fxe5 Nd5 7.Bc4 Nb6 8.Bb3 O-O
9.Nf3 Nc6 10.O-O Na5 11.Bg5 Nxb3 12.axb3 f6 13.Bh4 c6 14.Qe1 Bf5 15.Rf2 Qd7
16.Ne4 Bxe4 17.Qxe4 Qd5 18.Qe2 Qb5 19.Qe1 a5 20.exf6 exf6 21.Qe6+ Kh8 22.Re1 c5
23.dxc5 Qxc5 24.Qe7 Qc6 25.Re6 Nd5 26.Rxc6 Nxe7 27.Rc7 Nf5 28.Rxb7 Nxh4 29.Nxh4 f5
30.Rd2 Rad8 31.Rdd7  1/2-1/2

[Event "Buenos Aires op"]
[Site "Buenos Aires"]
[Date "1995.??.??"]
[Round "4"]
[White "German, Gustavo"]
[Black "Trejo, Juan"]
[Result "1-0"]
[WhiteElo "2340"]
[BlackElo "2095"]

1.e4 d6 2.d4 g6 3.Nc3 Bg7 4.Bg5 c6 5.Qd2 Qb6 6.O-O-O a5 7.f4 a4 8.a3 Qa5
9.Nf3 b5 10.e5 d5 11.h3 b4 12.axb4 Qxb4 13.Nb1 Qb6 14.Bd3 e6 15.g4 Bf8 16.Rde1 Na6
17.c3 Nc7 18.Rh2 Nb5 19.Kd1 Bd7 20.f5 c5 21.fxg6 hxg6 22.Be3 c4 23.Bc2 Nc7
24.Ng5 Nh6 25.Rf2 Ke7 26.Ref1 Be8 27.Qe1 Kd7 28.Bc1 Nb5 29.Na3 Be7 30.Qe3 Kc6
31.Nxc4 Qa6 32.Na3 Nxa3 33.bxa3 Kb6 34.Bd3 Bxg5 35.Qe2 Qa5 36.Bxg5 Qxc3 37.Qb2+ Qxb2
38.Rxb2+ Ka7 39.Kd2 Rb8 40.Rfb1 Rxb2+ 41.Rxb2 Ng8 42.Bf1 f5 43.exf6 Nh6 44.Bf4 Nf7
45.g5 Bc6 46.Ke3 Rh5 47.Rh2 Be8 48.h4 Rh7 49.Bd3 Nh8 50.Bg3 Rb7 51.Rc2 Rb3
52.Rc7+ Kb6 53.Rc8 Bb5 54.Rb8+ Kc6 55.Rxb5 Rxb5 56.Bxb5+ Kxb5 57.Kd3  1-0

[Event "Buenos Aires op"]
[Site "Buenos Aires"]
[Date "1995.??.??"]
[Round "4"]
[White "Casafus, Ruben"]
[Black "Beltramini, Jose Maria"]
[Result "1-0"]
[WhiteElo "2420"]
[BlackElo "2250"]

1.d4 d6 2.e4 g6 3.Nc3 Bg7 4.f4 Nf6 5.Nf3 O-O 6.Be2 c5 7.dxc5 Qa5 8.O-O Qxc5+
9.Kh1 b6 10.Bd3 Bb7 11.Qe1 e5 12.Be3 Qc7 13.Qh4 Nbd7 14.fxe5 dxe5 15.Bh6 Bxh6
16.Qxh6 Ng4 17.Qg5 h5 18.h3 Ngf6 19.Qh6 Nh7 20.Nd2 Nc5 21.Bc4 Kh8 22.Nd5 Bxd5
23.Bxd5 Rae8 24.Nf3 Qe7 25.g4 hxg4 26.hxg4 Qf6 27.Kg2 Qg7 28.Qh4 Kg8 29.Rh1 Ne6
30.Bxe6 Rxe6 31.Rad1 f5 32.Qxh7+  1-0

[Event "Buenos Aires tt"]
[Site "Buenos Aires"]
[Date "1995.??.??"]
[Round "5"]
[White "German, Gustavo"]
[Black "Fulgenzi, Ernesto"]
[Result "1-0"]
[WhiteElo "2425"]
[BlackElo "2305"]

1.e4 g6 2.d4 Bg7 3.Nc3 d6 4.Bg5 c6 5.Qd2 b5 6.a3 Nd7 7.f4 Nb6 8.h3 a5 9.Nf3 Bb7
10.Bd3 b4 11.Nd1 c5 12.Bb5+ Kf8 13.Nf2 Nf6 14.dxc5 dxc5 15.Qe3 Qc7 16.O-O Nh5
17.axb4 axb4 18.Rxa8+ Bxa8 19.Rd1 f6 20.g4 fxg5 21.Nxg5 Bd4 22.Rxd4 cxd4
23.Qb3 Bd5 24.exd5 Nxf4 25.d6 exd6 26.Qf3 Kg7 27.Qxf4 Qe7 28.Qxd4+ Qe5 29.Qxb6 Qxg5
30.Bd3 Rf8 31.Qd4+ Qf6 32.Qxf6+ Kxf6 33.Bc4 h5 34.gxh5 gxh5 35.Nd3 Rc8 36.Bb3 Rb8
37.Kf2 Kg5 38.Kg3 h4+ 39.Kf3 Kf5 40.Bd5 Rb5  1-0

[Event "Buenos Aires VII Najdorf op"]
[Site "Buenos Aires"]
[Date "1995.??.??"]
[Round "7"]
[White "Alonso, Salvador"]
[Black "Dolezal, Cristian"]
[Result "0-1"]
[WhiteElo "2290"]
[BlackElo "2355"]

1.e4 g6 2.d4 Bg7 3.Nc3 d6 4.Nf3 Nf6 5.Be2 O-O 6.O-O a6 7.a4 b6 8.Re1 Bb7
9.Bf1 e6 10.h3 Nc6 11.Bg5 h6 12.Be3 Ne7 13.Bd3 Qd7 14.Nd2 Nh7 15.f4 f5 16.e5 g5
17.exd6 Qxd6 18.Nc4 Qc6 19.Qd2 Ng6 20.fxg5 f4 21.Bxg6 Nxg5 22.h4 Qxc4 23.Bf2 Qc6
24.Ne4 e5 25.h5 Rad8 26.Rad1 Rd6 27.c4 Rxg6 28.d5 Nf3+ 29.Kh1 Nxd2 30.dxc6 Nxe4
31.cxb7 Nxf2+ 32.Kg1 Nxd1  0-1

[Event "Buenos Aires op"]
[Site "Buenos Aires"]
[Date "1995.??.??"]
[Round "7"]
[White "Casafus, Ruben"]
[Black "Godoy, Carlos"]
[Result "1-0"]
[WhiteElo "2420"]
[BlackElo "2215"]

1.d4 d6 2.e4 g6 3.Nc3 Bg7 4.f4 Nf6 5.Nf3 O-O 6.Be2 c5 7.dxc5 Qa5 8.O-O Qxc5+
9.Kh1 Nc6 10.Bd3 Bg4 11.Qe1 Bxf3 12.Rxf3 Nb4 13.Be3 Nxd3 14.cxd3 Qb4 15.Rb1 a5
16.e5 Ng4 17.Bd2 Qc5 18.Qh4 h5 19.h3 Nh6 20.Qxe7 Nf5 21.Qxb7 dxe5 22.Ne4 Qc8
23.Qxc8 Rfxc8 24.Bc3 exf4 25.Rxf4 Bxc3 26.bxc3 h4 27.Kg1 Rab8 28.Rff1 a4
29.Kf2 a3 30.Ke2 Kg7 31.Kd2 Re8 32.Rb4 Rxb4 33.cxb4 Rb8 34.Rb1 Nd4 35.Nd6 Rd8
36.Nc4 Re8 37.Nxa3 Ra8 38.Kc3 Ne2+ 39.Kb3 Nf4 40.Rb2 Nxd3 41.Rd2 Nf4 42.Nc4 g5
43.a4 f5 44.a5 g4 45.b5 gxh3 46.gxh3 Nxh3 47.b6 f4 48.b7 Rb8 49.a6 f3 50.Rd7+  1-0

[Event "BUL-ch rapid"]
[Site "?"]
[Date "1995.??.??"]
[Round "?"]
[White "Georgiev, Vladimir"]
[Black "Chatalbashev, Boris"]
[Result "1-0"]
[WhiteElo "2450"]
[BlackElo "2435"]

1.e4 g6 2.d4 Bg7 3.Nc3 d6 4.f4 Nf6 5.Nf3 O-O 6.Bd3 c5 7.d5 Na6 8.O-O Bg4
9.a3 Nc7 10.h3 Bxf3 11.Qxf3 Rb8 12.a4 a6 13.a5 b5 14.axb6 Rxb6 15.Na4 Rb8
16.Bd2 Qd7 17.Ba5 Nb5 18.c3 e6 19.dxe6 Qxe6 20.Nb6 Qe7 21.Kh1 Qa7 22.Nc4 Nd7
23.Rad1 Rfe8 24.Bb1 Nf8 25.f5 Nd7 26.Ba2 Kh8 27.Qf4 Nf6 28.e5 Nh5 29.Qh4 dxe5
30.f6 Nxf6 31.Rxf6 Qe7 32.Rdf1 Bxf6 33.Qxf6+ Qxf6 34.Rxf6 Kg7 35.Rc6 e4 36.Ne3 f5
37.g3 Rbc8 38.Rb6 Rb8 39.Bd5 Rxb6 40.Bxb6 Rc8 41.Nc4 g5 42.Kg2 Re8 43.Bxc5 f4
44.gxf4 gxf4 45.Bb6 Kg6 46.Bc6 Re6 47.Bd7 Re7 48.Kf1 e3 49.Bg4  1-0

[Event "Canberra"]
[Site "Canberra"]
[Date "1995.??.??"]
[Round "8"]
[White "Levi, Eddy"]
[Black "Saroinsong, H."]
[Result "1-0"]
[WhiteElo "2235"]
[BlackElo "2560"]

1.e4 g6 2.d4 Bg7 3.Nc3 d6 4.h4 Nc6 5.Be3 h5 6.Bc4 e5 7.dxe5 Nxe5 8.Bb3 Be6
9.Bxe6 fxe6 10.Qe2 a6 11.a4 Ng4 12.Bd2 Bd4 13.Nh3 Qf6 14.O-O-O Ne7 15.f3 Nh6
16.Qc4 b5 17.Qxc7 Nf7 18.f4 O-O 19.Ng5 Ra7 20.e5 Qg7 21.Nxe6 Qh8 22.Ne4 dxe5
23.Qxa7 Bxa7 24.Nxf8 Kxf8 25.Bb4 a5 26.Bxa5 Nc6 27.Bc7 Qh6 28.Ng5 Be3+ 29.Kb1 exf4
30.axb5 Nd4 31.Rxd4 Bxd4 32.Ne6+ Ke7 33.Nxd4 Nd6 34.Rd1 Nb7 35.b6 g5 36.Nf5+  1-0

[Event "Canberra"]
[Site "Canberra"]
[Date "1995.??.??"]
[Round "10"]
[White "Barcenilla, Rogelio"]
[Black "Saroinsong, H."]
[Result "1-0"]
[WhiteElo "2455"]
[BlackElo "2560"]

1.e4 g6 2.d4 Bg7 3.Nc3 d6 4.Be3 Nc6 5.f4 Nf6 6.Nf3 O-O 7.Qd2 Ng4 8.Bg1 e5
9.d5 Nd4 10.Nxd4 exd4 11.Bxd4 Re8 12.O-O-O a6 13.Bxg7 Kxg7 14.h3 Nf6 15.Qd4 Kg8
16.g4 b5 17.Bg2 Rb8 18.Rhe1 b4 19.Nb1 Nd7 20.Nd2 Nc5 21.e5 Qd7 22.Nc4 Rf8
23.exd6 cxd6 24.Qf6 Qa4 25.Qxd6 Qxa2 26.Qxc5 Bxg4 27.hxg4 Rfc8 28.Qxb4 Rxc4
29.Qa3 Qxa3 30.bxa3 Rxf4 31.Re4  1-0

[Event "Cannes op"]
[Site "Cannes"]
[Date "1995.??.??"]
[Round "3"]
[White "Olivier, Jean Christophe"]
[Black "Shchekachev, Andrei"]
[Result "1-0"]
[WhiteElo "2360"]
[BlackElo "2465"]

1.e4 d6 2.d4 g6 3.Nc3 Bg7 4.f4 Nf6 5.Nf3 c5 6.d5 O-O 7.Bd3 Na6 8.O-O Rb8
9.Qe2 Nc7 10.a4 a6 11.a5 Bd7 12.Na4 Bg4 13.c4 e6 14.h3 exd5 15.exd5 Re8 16.Qd1 Bxf3
17.Qxf3 Nd7 18.Bd2 b5 19.axb6 Nxb6 20.Nc3 Nd7 21.Rab1 Na8 22.b3 Nab6 23.Bc2 f5
24.g4 fxg4 25.hxg4 Nc8 26.Ne4 a5 27.Kg2 Rb7 28.Ng5 Bd4 29.Ne6 Qf6 30.Rbe1 Bb2
31.Nxc5 Rxe1 32.Nxd7 Rxd7 33.Rxe1 Qd8 34.Re6 a4 35.bxa4 Nb6 36.Qe4 Qh4 37.Bd1 Rf7
38.a5 Nd7 39.Be2 Nc5 40.Re8+ Kg7 41.Qe3 h6 42.g5 Nd7 43.Re7 Nc5 44.Bc3+ Bxc3
45.Qxc3+ Kf8 46.Rxf7+ Kxf7 47.Qf6+ Ke8 48.Qxg6+  1-0

[Event "Cannes Martinez op"]
[Site "Cannes"]
[Date "1995.??.??"]
[Round "6"]
[White "Trommsdorf, Fro"]
[Black "Bernard, Christophe"]
[Result "0-1"]
[WhiteElo "2185"]
[BlackElo "2315"]

1.d4 g6 2.e4 Bg7 3.Nc3 d6 4.Nf3 Nf6 5.Bc4 O-O 6.Bg5 Nxe4 7.Nxe4 d5 8.Bd3 dxe4
9.Bxe4 c5 10.c3 cxd4 11.cxd4 Nc6 12.d5 Nb4 13.Qb3 Qd6 14.Rd1 e6 15.Be7 Qxe7
16.d6 Qd7 17.Qxb4 a5 18.Qc5 Ra6 19.O-O Rd8 20.Rd2 Rxd6 21.Rfd1 Rxd2 22.Rxd2 Qe8
23.Qxa5 Rxd2 24.Qxd2 h6 25.h4 f5 26.Bc2 e5 27.Qd5+ Kh8 28.Bb3 Bd7 29.Qxb7 e4
30.Nd2 e3 31.fxe3 Qxe3+ 32.Kf1 Bd4 33.Qf3 Bb5+  0-1

[Event "Cannes op"]
[Site "Cannes"]
[Date "1995.??.??"]
[Round "7"]
[White "Bricard, Emmanuel"]
[Black "Efimov, Igor"]
[Result "1-0"]
[WhiteElo "2500"]
[BlackElo "2460"]

1.e4 d6 2.d4 g6 3.Nc3 Bg7 4.Be3 c6 5.f4 b5 6.a3 a6 7.Nf3 Nd7 8.Qd2 Bb7 9.e5 Nb6
10.O-O-O Qc7 11.Bd3 a5 12.Ne4 Nc4 13.Bxc4 bxc4 14.Rhe1 Nh6 15.h3 O-O 16.g4 f5
17.exf6 exf6 18.f5 gxf5 19.Ng3 fxg4 20.Bxh6 c3 21.bxc3 Bxh6 22.Qxh6 gxf3
23.Nf5 Rf7 24.Re3 f2 25.Rf1 c5 26.d5 Bxd5 27.Rxf2 Raf8 28.Rfe2 Kh8 29.Re8 Qd8
30.Rxd8 Rxd8 31.Re7  1-0

[Event "Cappelle op"]
[Site "Cappelle la Grande"]
[Date "1995.??.??"]
[Round "2"]
[White "Sokolov, Andrei"]
[Black "Petkevich, Jusefs"]
[Result "1-0"]
[WhiteElo "2575"]
[BlackElo "2460"]

1.e4 g6 2.d4 Bg7 3.Nc3 d6 4.Be3 c6 5.Qd2 Nd7 6.f4 e5 7.dxe5 dxe5 8.Nf3 Qa5
9.O-O-O exf4 10.Bxf4 Nc5 11.Bc4 Be6 12.Bxe6 fxe6 13.Ne5 Nf6 14.Nc4 Qa6 15.Nd6+ Ke7
16.Bh6 Rhg8 17.Bxg7 Rxg7 18.Qg5 e5 19.Qxe5+ Ne6 20.Nf5+ gxf5 21.exf5 Qc4
22.Rhe1 Rxg2 23.Qc7+ Kf8 24.fxe6 Rg7 25.e7+ Kg8 26.Rd8+  1-0

[Event "Cappelle op"]
[Site "Cappelle la Grande"]
[Date "1995.??.??"]
[Round "3"]
[White "Rovid, Kalman"]
[Black "Giacopelli, Vincenzo"]
[Result "1-0"]
[WhiteElo "2385"]
[BlackElo "2140"]

1.e4 g6 2.d4 Bg7 3.Nc3 d6 4.g3 c6 5.a4 Nf6 6.Bg2 O-O 7.Nge2 e5 8.O-O Na6
9.h3 Qa5 10.Be3 Re8 11.Qd2 Bd7 12.Rae1 Rad8 13.f4 exd4 14.Nxd4 Nc5 15.Kh2 Qb4
16.b3 a5 17.Bg1 Re7 18.Re2 Rde8 19.Rfe1 Nh5 20.Bf3 Ne6 21.e5 dxe5 22.fxe5 c5
23.Nxe6 Bxe6 24.Re4 Rd7 25.Qe3 Qb6 26.g4 f5 27.exf6 Qd6+ 28.Kh1 Ng3+ 29.Kg2 Nxe4
30.Nxe4 Qf8 31.fxg7 Qxg7 32.Ng5  1-0

[Event "Cappelle op"]
[Site "Cappelle la Grande"]
[Date "1995.??.??"]
[Round "5"]
[White "Alekhina, Natalia V"]
[Black "Burmakin, Vladimir"]
[Result "0-1"]
[WhiteElo "2230"]
[BlackElo "2555"]

1.e4 d6 2.d4 g6 3.Nc3 Bg7 4.Nf3 c6 5.Be2 Nf6 6.O-O O-O 7.h3 Nbd7 8.Be3 Qc7
9.a4 Rd8 10.Qd2 b6 11.Rfd1 Bb7 12.Bf1 a6 13.Bh6 b5 14.Bxg7 Kxg7 15.Qe3 Nf8
16.b4 e5 17.dxe5 dxe5 18.Qc5 N8d7 19.Qd6 Qxd6 20.Rxd6 Re8 21.Nd2 c5 22.bxc5 Nxc5
23.axb5 axb5 24.Rxa8 Rxa8 25.Bxb5 Ra1+ 26.Kh2 Rc1 27.Bd3 Nxd3 28.Rxd3 Rxc2
29.f3 Nh5 30.Nd1 Nf4 31.Rd6 Bd5 32.exd5 Rxd2 33.Ne3 Re2 34.Ng4 Rxg2+ 35.Kh1 Re2
36.h4 h5 37.Nf6 Rd2 38.Kg1 Ne2+ 39.Kf2 Nc3+ 40.Ke3 Rd4 41.Rc6 Nxd5+ 42.Nxd5 Rxd5
43.Ke4 Rd4+ 44.Kxe5 Rxh4 45.f4 Rh1 46.Ke4 Rf1 47.Ke3 h4  0-1

[Event "Cappelle op"]
[Site "Cappelle la Grande"]
[Date "1995.??.??"]
[Round "9"]
[White "Simon, Laurent"]
[Black "Petran, Pal"]
[Result "0-1"]
[WhiteElo "2085"]
[BlackElo "2470"]

1.e4 g6 2.d4 Bg7 3.Nc3 d6 4.Be2 Nf6 5.h4 h5 6.Nf3 c6 7.a4 Nbd7 8.Bg5 Qa5
9.Qd2 Ng4 10.O-O f6 11.Be3 Nxe3 12.fxe3 O-O 13.Bc4+ Kh7 14.Bb3 Bh6 15.Qd3 Qc7
16.Ne2 e5 17.Kh1 a5 18.Rad1 Nb6 19.Nc3 Bg4 20.Rde1 Rad8 21.Nh2 Bc8 22.Qe2 exd4
23.exd4 Rde8 24.Qd1 Qe7 25.Re2 Be6 26.Bxe6 Qxe6 27.b3 Bg7 28.Qe1 Nc8 29.Nf3 Qg4
30.Nh2 Qd7 31.Nf3 Ne7 32.Nd1 b6 33.Nf2 Ng8 34.Qd1 Nh6 35.Nh2 Re7 36.Rfe1 Rfe8
37.c3 Qe6 38.Qc2 Kh8 39.Nh3 Qf7 40.Kg1 Ng4 41.Nxg4 hxg4 42.Nf4 Bh6 43.g3 Bxf4
44.gxf4 Qe6 45.e5 f5 46.c4 d5 47.Kf2 Rb8 48.Kg3 b5 49.axb5 dxc4 50.bxc4 Rh7
51.Qc3 Qe7 52.Rh1 cxb5 53.cxb5 Rxb5 54.Rb2 Rxb2 55.Qxb2 Qd8 56.e6 Kg8 57.Qb3 Re7
58.d5 a4 59.Qa2 Rc7 60.Rd1 Rc3+ 61.Kg2 Qxh4  0-1

[Event "Cappelle op"]
[Site "Cappelle la Grande"]
[Date "1995.??.??"]
[Round "9"]
[White "Cosma, Elena Luminita"]
[Black "Vokac, Marek"]
[Result "1/2-1/2"]
[WhiteElo "2330"]
[BlackElo "2475"]

1.e4 g6 2.d4 Bg7 3.Nc3 d6 4.f4 a6 5.Be2 b5 6.Bf3 c6 7.Be3 Nd7 8.Nge2 Bb7
9.O-O b4 10.Na4 Qc7 11.c3 bxc3 12.Nexc3 e6 13.Rc1 Ne7 14.d5  1/2-1/2

[Event "Castellar op"]
[Site "Castellar"]
[Date "1995.??.??"]
[Round "?"]
[White "De la Riva Aguado, Oscar"]
[Black "Barlov, Dragan"]
[Result "1-0"]
[WhiteElo "2430"]
[BlackElo "2465"]

1.e4 g6 2.d4 Bg7 3.Nc3 d6 4.Nge2 a6 5.a4 e6 6.g3 d5 7.Bg2 Nf6 8.Bg5 dxe4
9.Nxe4 Nbd7 10.c4 h6 11.Nxf6+ Nxf6 12.Bf4 O-O 13.O-O Ne8 14.Qc2 Qe7 15.Rfe1 c5
16.Rad1 g5 17.Bc1 cxd4 18.Nxd4 Qc7 19.b3 Nf6 20.Ba3 Rd8 21.Nf3 Rxd1 22.Rxd1 Ne8
23.Qd3 Bf6 24.h4 gxh4 25.Nxh4 Bd7 26.Qd2 Bg5 27.Qb4 Nf6 28.Nf3 Bc6 29.Nxg5 hxg5
30.Qd2 Nh7 31.Bxc6 Qxc6 32.Bb2 Qf3 33.Qd4 f6 34.Rd3 Qc6 35.Qd7 e5 36.Qf5 Nf8
37.Ba3 Qe6 38.Qe4 Rb8 39.Rd6 Qf7 40.Qf5 Kg7 41.Bb2 Re8 42.Kg2 Re6 43.Rd5 Ng6
44.Qd3 Kh6 45.Rd8 Re7 46.Ba3 Rc7 47.Qf5 b5 48.Bd6 Ra7 49.c5 bxa4 50.bxa4 Kg7
51.Bb8 Qb7+ 52.Kh2  1-0

[Event "US-op"]
[Site "Concord"]
[Date "1995.??.??"]
[Round "6"]
[White "Seferjan, Narek"]
[Black "Weeramantry, Sunil"]
[Result "1/2-1/2"]
[WhiteElo "2305"]
[BlackElo "2300"]

1.e4 d6 2.d4 g6 3.Nc3 Bg7 4.f4 c6 5.h3 e5 6.dxe5 Qh4+ 7.Ke2 dxe5 8.Nf3 Bg4
9.g3 Bxf3+ 10.Kxf3 Qe7 11.Bd3 Nd7 12.Be3 O-O-O 13.Qg1 Nh6 14.Kg2 f5 15.fxe5 Nxe5
16.Bxh6 Bxh6 17.Qxa7 Nxd3 18.cxd3 fxe4 19.Nxe4 Rxd3 20.Nf2 Rf8 21.Rhe1 Re3
22.Qa8+ Kc7 23.Qa5+ Kb8 24.Rxe3 Bxe3 25.Ng4 Qe4+ 26.Kh2 c5 27.Qb6  1/2-1/2

[Event "Copenhagen"]
[Site "Copenhagen"]
[Date "1995.??.??"]
[Round "2"]
[White "Kristensen, Kaare"]
[Black "Welling, Gerard"]
[Result "0-1"]
[WhiteElo "2280"]
[BlackElo "2400"]

1.e4 g6 2.d4 Bg7 3.Nc3 d6 4.Nf3 a6 5.Be2 b5 6.O-O Nd7 7.Re1 c5 8.Bf1 cxd4
9.Nxd4 Bb7 10.a4 b4 11.Nd5 Ngf6 12.Nxb4 Qb6 13.c3 Nxe4 14.a5 Qc7 15.Nxa6 Bxa6
16.Rxe4 d5 17.Re3 Bxf1 18.Kxf1 Qxh2 19.Rh3 Qb8 20.Qa4 e5 21.Nc6 Qd6 22.b4 O-O
23.b5 Rfe8 24.Ba3 Qe6 25.Qb4 d4 26.cxd4 exd4 27.Re1 Qa2 28.Ne7+ Kh8 29.Bb2 Ne5
30.Bxd4 Rxe7 31.Qxe7 Qc4+ 32.Kg1 Qxd4 33.Qb7 Rf8 34.a6 Nd3 35.Rxd3 Qxd3 36.a7 Qd2
37.Rf1 Qa5 38.Rc1  0-1

[Event "Copenhagen BSF-B"]
[Site "Copenhagen"]
[Date "1995.??.??"]
[Round "2"]
[White "Kruszynski, Wlodzimierz"]
[Black "Andersen, Kaare Vissing"]
[Result "1/2-1/2"]
[WhiteElo "2345"]
[BlackElo "2295"]

1.e4 g6 2.d4 Bg7 3.Nc3 d6 4.Nf3 c6 5.Be2 Nf6 6.O-O O-O 7.a4 a5 8.h3 Qc7 9.Be3 e5
10.dxe5 dxe5 11.Nd2 Be6 12.Bc4 Re8 13.Bxe6 Rxe6 14.Qe2 Nbd7 15.Qc4 Ne8 16.Rad1 Bf8
17.Nf3 Rc8 18.Ng5 Rf6 19.Rd3 h6 20.Nf3 Rd6 21.Rfd1 Rxd3 22.Rxd3 Nd6 23.Qb3 b6
24.Rd1 Nb7 25.Qc4 Ndc5 26.Nh4 Kg7 27.Qe2 h5 28.Nf3 Ne6 29.Ng5 Nxg5 30.Bxg5 Be7
31.Be3 Bc5 32.Bg5 Be7  1/2-1/2